[Event "Staufer op 32nd"]
[Site "Schwaebisch Gmuend"]
[Date "2020.01.03"]
[Round "3"]
[White "Wasserfall, Markus"]
[Black "Fruehsorger, Dieter"]
[Result "1/2-1/2"]
[WhiteElo "1769"]
[BlackElo "1983"]
[PlyCount "71"]
[EventDate "2020.01.02"]
[EventType "swiss"]
[EventRounds "9"]
[EventCountry "GER"]
[SourceTitle "EXT 2021"]
[Source "ChessBase"]
[SourceDate "2020.10.23"]
[SourceVersion "1"]
[SourceVersionDate "2020.10.23"]
[SourceQuality "1"]

1. d4 Nf6 2. Nf3 g6 3. Bg5 Ne4 4. Bh4 Bg7 5. Nbd2 Nxd2 6. Qxd2 d5 7. e3 0-0 8. Bd3 c5 9. c3 b6 10. Bg3 Nc6 11. h4 Bg4 12. 0-0-0 e5 13. dxe5 Bxf3 14. gxf3 Nxe5 15. Bc2 d4 16. cxd4 cxd4 17. Qxd4 Qe7 18. Bxe5 Bxe5 19. Qd7 Qf6 20. h5 Bxb2+ 21. Kb1 Ba3 22. Qd4 Qxd4 23. Rxd4 Rfd8 24. hxg6 hxg6 25. Rhd1 Rxd4 26. Rxd4 Re8 27. Ra4 Bc5 28. Rxa7 Re7 29. Rxe7 Bxe7 30. Kc1 Bh4 31. Kd1 Bxf2 32. Ke2 Bh4 33. Bb3 Kg7 34. Kf1 f5 35. Kg2 Kf6 36. f4 1/2-1/2

[Event "Banska Stiavnica V4 op"]
[Site "Banska Stiavnica"]
[Date "2016.07.08"]
[Round "7"]
[White "Fruehsorger, Dieter"]
[Black "Giertli, Vladimir"]
[Result "1-0"]
[WhiteElo "1949"]
[BlackElo "2043"]
[PlyCount "50"]
[EventDate "2016.07.02"]
[EventType "swiss"]
[EventRounds "9"]
[EventCountry "SVK"]
[SourceTitle "CBM 173 Extra"]
[Source "ChessBase"]
[SourceDate "2016.08.29"]
[SourceVersion "1"]
[SourceVersionDate "2016.08.29"]
[SourceQuality "1"]

1. e4 d6 2. d4 Nf6 3. Nc3 c6 4. f4 Qc7 5. Nf3 Bg4 6. h3 Bxf3 7. Qxf3 e5 8. dxe5 dxe5 9. fxe5 Qxe5 10. Bf4 Qa5 11. Bc4 Nbd7 12. 0-0-0 Ne5 13. Bxe5 Qxe5 14. Qf5 Bd6 15. Rxd6 Qxd6 16. Rd1 Qc7 17. e5 Nd5 18. Bxd5 cxd5 19. Nxd5 Qc4 20. Qg5 0-0 21. b3 Qc5 22. Kb2 Kh8 23. Nf4 Rac8 24. Rd2 Qc3+ 25. Kb1 h6 1-0

[Event "Banska Stiavnica V4 op"]
[Site "Banska Stiavnica"]
[Date "2016.07.07"]
[Round "6"]
[White "Lukac, Roman"]
[Black "Fruehsorger, Dieter"]
[Result "1/2-1/2"]
[WhiteElo "2095"]
[BlackElo "1949"]
[PlyCount "94"]
[EventDate "2016.07.02"]
[EventType "swiss"]
[EventRounds "9"]
[EventCountry "SVK"]
[SourceTitle "CBM 173 Extra"]
[Source "ChessBase"]
[SourceDate "2016.08.29"]
[SourceVersion "1"]
[SourceVersionDate "2016.08.29"]
[SourceQuality "1"]

1. e4 c5 2. Nf3 Nc6 3. d4 cxd4 4. Nxd4 g6 5. Be3 Bg7 6. Nc3 Nf6 7. Bc4 0-0 8. Bb3 Ng4 9. Qxg4 Nxd4 10. Qd1 Nxb3 11. axb3 a6 12. 0-0 Bxc3 13. bxc3 f6 14. f4 Qc7 15. c4 Qc6 16. Qd4 f5 17. Qd5+ Qxd5 18. exd5 d6 19. Rfe1 Re8 20. Bb6 Bd7 21. Kf2 Rac8 22. Rad1 Kf7 23. Rd3 e5 24. dxe6+ Rxe6 25. Red1 Rce8 26. R1d2 Bc6 27. Rxd6 Re4 28. R6d4 Re1 29. Rd8 R1e4 30. Rxe8 Bxe8 31. Rd4 Bc6 32. c3 Re6 33. Bc7 h6 34. h4 Re7 35. Bd6 Re8 36. Be5 g5 37. hxg5 hxg5 38. g3 gxf4 39. gxf4 Rg8 40. Rd6 Rg6 41. Rxg6 Kxg6 42. Ke3 Kf7 43. Kd4 Ke6 44. Kc5 Kd7 45. b4 Be4 46. Kb6 Bf3 47. b5 Be4 1/2-1/2

[Event "Ulm/Neu Ulm-ch"]
[Site "Ulm/Neu Ulm"]
[Date "2009.10.16"]
[Round "3"]
[White "Hoffart, Alexander"]
[Black "Fruehsorger, Dieter"]
[Result "0-1"]
[WhiteElo "1828"]
[BlackElo "1659"]
[PlyCount "90"]
[EventDate "2009.09.18"]
[EventType "swiss"]
[EventRounds "5"]
[EventCountry "GER"]
[SourceTitle "EXT 2011"]
[Source "ChessBase"]
[SourceDate "2010.11.26"]
[SourceVersion "1"]
[SourceVersionDate "2010.11.26"]
[SourceQuality "1"]

1. e4 c5 2. Nf3 d6 3. d4 cxd4 4. Qxd4 Nc6 5. Bb5 Bd7 6. Bxc6 Bxc6 7. 0-0 Nf6 8. e5 dxe5 9. Qxd8+ Rxd8 10. Nxe5 Be4 11. Nc3 e6 12. Nxe4 Nxe4 13. Be3 Bc5 14. Bxc5 Nxc5 15. Rfd1 Ke7 16. b4 Na6 17. a3 f6 18. Nd3 Rc8 19. b5 Nc5 20. Nb4 Na4 21. Rd4 Nc3 22. Kf1 Nxb5 23. Rg4 g5 24. c4 h5 25. Re4 Nd6 26. Re2 Nxc4 27. a4 Rhd8 28. Ke1 a5 29. Nc2 Rd3 30. Rb1 Rc7 31. Ne3 Nxe3 32. fxe3 Ra3 33. Reb2 Rxe3+ 34. Kf2 Ra3 35. Rxb7 Rxb7 36. Rxb7+ Kf8 37. h4 Rxa4 38. hxg5 fxg5 39. Rh7 h4 40. Ra7 Rf4+ 41. Ke2 Rf5 42. Ke3 Kg8 43. Ke2 g4 44. Re7 g3 45. Rxe6 Rf2+ 0-1

[Event "Stuttgart-chA int"]
[Site "Ditzingen"]
[Date "2009.05.21"]
[Round "2"]
[White "Hoeschele, Hans Ulrich"]
[Black "Fruehsorger, Dieter"]
[Result "1/2-1/2"]
[WhiteElo "2174"]
[BlackElo "1968"]
[PlyCount "96"]
[EventDate "2009.05.21"]
[EventType "swiss"]
[EventRounds "7"]
[EventCountry "GER"]
[SourceTitle "EXT 2018"]
[Source "ChessBase"]
[SourceDate "2017.10.13"]
[SourceVersion "1"]
[SourceVersionDate "2017.10.13"]
[SourceQuality "1"]

1. b3 Nf6 2. Bb2 e6 3. e3 c5 4. Nf3 d5 5. d3 Be7 6. Nbd2 0-0 7. Be2 b6 8. 0-0 Bb7 9. c4 Nbd7 10. cxd5 Nxd5 11. d4 Bf6 12. Re1 Rc8 13. Ne4 Be7 14. dxc5 Nxe3 15. Qd3 Nd5 16. cxb6 axb6 17. Qd4 N5f6 18. Nd6 Bxd6 19. Qxd6 Qc7 20. Qb4 Qc2 21. Ba3 Nd5 22. Qd4 Rfd8 23. Bd3 Qc3 24. Rad1 Qxd4 25. Nxd4 Nc3 26. Rd2 Nc5 27. Bxc5 Rxc5 28. Nxe6 fxe6 29. Bxh7+ Kxh7 30. Rxd8 Nxa2 31. f3 Bd5 32. Rb8 b5 33. b4 Nxb4 34. Rb1 Nd3 35. R8xb5 Rc2 36. h3 Ba2 37. Rh5+ Kg6 38. Rbb5 Bd5 39. Rh4 Ne1 40. Rg4+ Kf6 41. Rbb4 g5 42. Rb1 Nd3 43. h4 gxh4 44. Rxh4 Ne5 45. Rf1 Ng6 46. Rd4 Ne7 47. Rfd1 Nf5 48. R4d2 Rc5 1/2-1/2